QSMP eggs - Statistics

General Stats
  • This quiz has been taken 330 times
    204 since last reset
  • The average score is 14 of 15
Answer Stats
Picture Answer % Correct
Chayanne
100%
Dapper
99%
Pomme
99%
Tallulah
99%
Bobby
98%
Leonarda
97%
Richarlyson
96%
Tilin
96%
Trump
96%
Gegg
95%
Sunny
95%
Juanaflippa
94%
Ramon
94%
Pepito
90%
Empanada
66%
No matching quizzes found
Score Distribution
Percent of People with Each Score
Percentile by Number Answered
Your Score History
You have not taken this quiz since the last reset